| 000 | 00859nmc a2200313 a 4500 | ||
|---|---|---|---|
| 003 | AR-BaBNM | ||
| 005 | 20251128211428.0 | ||
| 008 | 075020s2005 ||||||||||||||000 | spa|| | ||
| 020 | _a987-500-087-6 | ||
| 040 | _cAR-BaBNM | ||
| 100 | 1 | _aAizencang, Noemí | |
| 245 | 1 | 0 |
_aJugar, aprender y enseñar _brelaciones que potencian los aprendizajes escolares |
| 250 | _a1ª ed. | ||
| 260 |
_aBuenos Aires _bManantial _c2005 |
||
| 300 | 0 | _a160 p. | |
| 490 | 0 | _aBiblioteca del docente | |
| 504 | _aBibliografía en p. 155-160 | ||
| 600 | 1 | 4 | _aPiaget, Jean |
| 600 | 1 | 4 | _aVigotsky, Liev Semiónovich |
| 600 | 1 | 4 | _aBruner, Jerome S. |
| 650 | 4 | _aJUEGO | |
| 650 | 4 | _aAPRENDIZAJE ESCOLAR | |
| 650 | 4 | _aDESARROLLO DEL NINO | |
| 650 | 4 | _aJUEGOS EDUCATIVOS | |
| 650 | 4 | _aDIDACTICA | |
| 650 | 4 | _aROL DEL DOCENTE | |
| 942 | _cBK | ||
| 998 | _cme-solo cat | ||
| 999 |
_c19653 _d19653 |
||